| 000 | 00540nam a2200169Ia 4500 | ||
|---|---|---|---|
| 999 |
_c14542 _d14542 |
||
| 003 | OSt | ||
| 005 | 20201207120737.0 | ||
| 008 | 190216s9999||||xx |||||||||||||| ||und|| | ||
| 040 | _coclc | ||
| 082 |
_a025.8 _bGOS/P |
||
| 100 |
_aGoswami, Badri Prasad _97256 |
||
| 245 | 0 |
_aProblems Of Misplacement, Multilation And Theft Of Books In Libraries / _cBadri Prasad Goswami |
|
| 260 |
_bRadhakrishna Prakashan, _c1989. _aVaranasi: |
||
| 300 | _a224p | ||
| 650 | _aEnglish | ||
| 942 |
_cBK _2ddc _h025.8 _iGOS/P _k025.8 _mGOS/P |
||